Prestressed concrete : (Record no. 547074)

000 -LEADER
fixed length control field 01533fam a2200229 a 4500
020 ## - INTERNATIONAL STANDARD BOOK NUMBER
International Standard Book Number 0131234803
082 00 - DEWEY DECIMAL CLASSIFICATION NUMBER
Classification number 624.183412
Author Mark NAW
-- L-39, P-50
100 1# - MAIN ENTRY--PERSONAL NAME
Personal name Nawy, Edward G.
9 (RLIN) 23340
245 10 - TITLE STATEMENT
Title Prestressed concrete :
Remainder of title a fundamental approach /
Statement of responsibility, etc. Edward G. Nawy.
250 ## - EDITION STATEMENT
Edition statement 2nd ed.
260 ## - PUBLICATION, DISTRIBUTION, ETC.
Place of publication, distribution, etc. Englewood Cliffs, NJ :
Name of publisher, distributor, etc. Prentice Hall,
Date of publication, distribution, etc. 1995.
300 ## - PHYSICAL DESCRIPTION
Extent xxiii, 789 p. :
Other physical details ill. ;
Dimensions 24 cm.
490 1# - SERIES STATEMENT
Series statement Prentice-Hall international series in civil engineering and engineering mechanics
520 ## - SUMMARY, ETC.
Summary, etc. Written by a national and international expert on concrete structures and materials, this second edition of Prestressed Concrete reflects the very latest ACI 318-95 Code provisions and brings you the author's many years of professional and academic know-how.
520 8# - SUMMARY, ETC.
Summary, etc. It includes, for the first time, example solutions in SI Units as well as lists of the ACI equations in SI format.
520 8# - SUMMARY, ETC.
Summary, etc. This book is different from most because its major topics of material behavior, prestress loss, flexure, shear and torsion, and deflection-camber are sequentially self-contained and can be covered in one semester at the senior and the graduate levels. In addition, it is the only book that closely uses and follows procedures given in numerous flowcharts that simplify the understanding and application of the subject in design.
526 ## - STUDY PROGRAM INFORMATION NOTE
Program name 0
Interest level 0
Reading level 0
Title point value 624_183412000000000_NAW
650 #0 - SUBJECT ADDED ENTRY--TOPICAL TERM
Topical term or geographic name entry element MCE
9 (RLIN) 379
650 #0 - SUBJECT ADDED ENTRY--TOPICAL TERM
Topical term or geographic name entry element Prestressed concrete construction.
9 (RLIN) 20245
650 #0 - SUBJECT ADDED ENTRY--TOPICAL TERM
Topical term or geographic name entry element Prestressed concrete.
9 (RLIN) 23341
942 ## - ADDED ENTRY ELEMENTS (KOHA)
Source of classification or shelving scheme
Koha item type Book
Holdings
Withdrawn status Lost status Source of classification or shelving scheme Damaged status Not for loan Permanent Location Current Location Date acquired Total Checkouts Full call number Barcode Date last seen Date last checked out Price effective from Koha item type
          Military College of Engineering (MCE) Military College of Engineering (MCE) 07/01/2014 2 624.183412 NAW MCE-40403 03/07/2019 08/17/2017 07/01/2014 Book
© 2023 Central Library, National University of Sciences and Technology. All Rights Reserved.